Olefin polymerization : emerging frontiers /
Guardado en:
| Otros Autores: | , , |
|---|---|
| Formato: | Libro |
| Idioma: | English |
| Publicado: |
Washington, D.C. : [New York] :
American Chemical Society ; Distributed by Oxford University Press,
c2000.
|
| Series: | ACS symposium series ;
749 |
| Materias: | |
| Acceso en línea: | Descripción Tabla de contenido |
| Etiquetas: |
Agregar Etiqueta
Sin Etiquetas, Sea el primero en etiquetar este registro!
|
| LEADER | 01238cam a22002895a 4500 | ||
|---|---|---|---|
| 001 | EIQ.libpla003513 | ||
| 008 | 990914s2000####dcua#####b####101#0#eng#d | ||
| 005 | 20080207171454.0 | ||
| 245 | 0 | 0 | |a Olefin polymerization : |b emerging frontiers / |c Palanisamy Arjunan, James E. McGrath, Thomas L. Hanlon, editors. |
| 260 | |a Washington, D.C. : |b American Chemical Society ; |a [New York] : |b Distributed by Oxford University Press, |c c2000. | ||
| 300 | |a x, 205 p. : |b il. ; |c 24 cm. | ||
| 440 | 0 | |a ACS symposium series ; |v 749 | |
| 504 | |a Incluye referencias bibliográficas e índices. | ||
| 020 | |a 0841236143 (alk. paper) | ||
| 700 | 1 | |a Arjunan, Palanisamy., |e ed. |4 edt | |
| 700 | 1 | |a McGrath, James E., |e ed. |4 edt | |
| 700 | 1 | |a Hanlon, Thomas L., |e ed. |4 edt | |
| 082 | 0 | 0 | |a 668.4/234 |2 21 |
| 650 | 4 | |a Poliolefinas |v Congresos. | |
| 650 | 4 | |a Polimerización |v Congresos. | |
| 650 | 0 | |a Polyolefins |v Congresses. | |
| 650 | 0 | |a Polymerization |v Congresses. | |
| 010 | |a 99047688 | ||
| 040 | |a DLC |c DLC |d AR-BbSID | ||
| 856 | 4 | 2 | |3 Descripción |u http://www.loc.gov/catdir/enhancements/fy0605/99047688-d.html |
| 856 | 4 | 1 | |3 Tabla de contenido |u http://www.loc.gov/catdir/enhancements/fy0605/99047688-t.html |
| 859 | |a AR-BbSID |b BIB. PLAPIQUI |h 668.423 4 |i Ol 2 |p 5367 | ||
